000 00840nab a2200253u 4500
001 09953
003 HDC
007 c| |||a|c|aaaa
008 210203b200904 my ||||| |||| 00| 0 eng d
040 _aHDC
100 _aGhazali Daimin /
_eauthor
_910184
245 0 _aRe-Branding Of SMEs' Food Product For Export /
_cGhazali Daimin
336 _atext
_2rdacontent
337 _acomputer
_2rdamedia
338 _aonline resource
_2rdacarrier
650 _aentrepreneur
_91863
650 _asmall and medium enterprises (SME)
_97657
650 _aSMEs food product
_910185
710 _aMalaysia SME
856 _zRequest full-text at [email protected]
942 _2lcc
942 _cNEWS
942 _kNWSC 003616
999 _c7276
_d7276